Famous 5 X 5 Quiz Stats

Quiz Updated Jul 18, 2012

Challenge
Share
Tweet
Embed
Score 0/25 Timer 05:00
1 Play Today
Clue Answer % Correct
Owner of a famous chocolate factoryWilly Wonka
93.3%
His secret identity is BatmanBruce Wayne
88.3%
This Beatles' real name is Richard StarkeyRingo Starr
87.5%
Golfer who divorced from Elin Nordegren in 2010Tiger Woods
85.2%
Anakin Skywalker, by another nameDarth Vader
80%
Pop Singer and former American Idol judgePaula Abdul
70.6%
The 'Godfather of Soul'James Brown
66.6%
New York born comedian & director of 'Annie Hall'Woody Allen
63.9%
Former QB for the Green Bay Packers (1992-2007)Brett Favre
61.4%
American outlaw killed by Robert FordJesse James
58.9%
He won 4 gold medals at the 1936 Berlin OlympicsJesse Owens
58.7%
Actress who became the Princess of MonacoGrace Kelly
57.1%
First African American woman to win the Best Actress OscarHalle Berry
56.8%
Clue Answer % Correct
Canadian singer-songwriter of 'Summer of 69'Bryan Adams
54.5%
Actor who said 'Frankly my dear, I don't give a damn'Clark Gable
53.8%
Kim Carnes sang about the eyes of this 'All About Eve' actressBette Davis
52.5%
MLB home run king*Barry Bonds
52.4%
Irish author of 'Ulysses' & 'Dubliners'James Joyce
49.2%
UK Singer of 'Bleeding Love'Leona Lewis
38.8%
French author of 'Around the World in Eighty Days'Jules Verne
38.8%
Lead actress in 'Psycho'Janet Leigh
35.9%
German-language author of 'The Castle' & 'The Metamorphosis'Franz Kafka
31.2%
Soulful singer of 'Can't Get Enough of Your Love, Babe'Barry White
26.4%
Swedish actress in 'Anna Christie' & Hollywood legendGreta Garbo
25.3%
Controversial US comedian convicted in 1964 of obscenityLenny Bruce
24.2%

You're not logged in!

Compare scores with friends on all Sporcle quizzes.
Sign Up with Email
OR
Log In

You Might Also Like...

Show Comments

Extras

Top Quizzes Today


Score Distribution

Your Account Isn't Verified!

In order to create a playlist on Sporcle, you need to verify the email address you used during registration. Go to your Sporcle Settings to finish the process.

Report this User

Report this user for behavior that violates our Community Guidelines.

Details: